Preliminary estimates of national income and expenditure (Record no. 420991)

000 -LEADER
fixed length control field 00418cam a22001217a 4500
008 - FIXED-LENGTH DATA ELEMENTS--GENERAL INFORMATION
fixed length control field 180718b xxu||||| |||| 00| 0 eng d
082 ## - DEWEY DECIMAL CLASSIFICATION NUMBER
Classification number T112x42
245 ## - TITLE STATEMENT
Title Preliminary estimates of national income and expenditure
Statement of responsibility, etc. by Her Majesty's Stationery Office
260 ## - PUBLICATION, DISTRIBUTION, ETC.
Place of publication, distribution, etc. London
Name of publisher, distributor, etc. Her Majesty's Stationery Office
Date of publication, distribution, etc.
300 ## - PHYSICAL DESCRIPTION
Extent v.p.
500 ## - GENERAL NOTE
General note Contents: Library has 1952-1959
700 ## - ADDED ENTRY--PERSONAL NAME
Personal name U.K. Her Majesty's Stationery Office
Holdings
Withdrawn status Lost status Damaged status Not for loan Permanent Location Current Location Date acquired Full call number Barcode Date last seen Price effective from Koha item type
        Indian Institute of Public Administration Indian Institute of Public Administration 2009-07-23 T112x42 22115 2018-07-21 2018-07-21 Book
        Indian Institute of Public Administration Indian Institute of Public Administration 2009-07-23 T112x42 12168 2018-07-21 2018-07-21 Book

Powered by Koha